| 000 | 00762nam a2200181Ia 4500 | ||
|---|---|---|---|
| 008 | 090124s9999 xx 000 0 und d | ||
| 082 | _b11441 | ||
| 100 | _aमावऴंकर पुरुषोत्तम गणेश | ||
| 245 | _a नाही-नाही-त्रिवार नाही ! | ||
| 250 | _a0 | ||
| 260 | _bविश्र्वकर्मा साहित्यालय़ | ||
| 300 | _a224 | ||
| 600 | _aमावऴंकर पुरुषोत्तम गणेश | ||
| 630 | _a नाही-नाही-त्रिवार नाही ! | ||
| 700 | _aमावऴंकर पुरुषोत्तम गणेश | ||
| 730 | _a नाही-नाही-त्रिवार नाही ! | ||
| 942 | _cBOOK | ||
| 999 |
_c86455 _d86455 |
||